Eastern Utah Libraries Catalog: Duchesne, Heber, Roosevelt, & Vernal

Cress Watercress / (Record no. 372706)

MARC details
000 -LEADER
fixed length control field 03021nam a2200517 i 4500
001 - CONTROL NUMBER
control field 3253920
005 - DATE AND TIME OF LATEST TRANSACTION
control field 20220420141610.0
008 - FIXED-LENGTH DATA ELEMENTS--GENERAL INFORMATION
fixed length control field 220315s2022 maua c 000 1 eng d
020 ## - INTERNATIONAL STANDARD BOOK NUMBER
International Standard Book Number 9781536211009 :
Terms of availability $19.99
020 ## - INTERNATIONAL STANDARD BOOK NUMBER
International Standard Book Number 1536211001 :
Terms of availability $19.99
035 ## - SYSTEM CONTROL NUMBER
System control number (OCoLC)1259586194
035 ## - SYSTEM CONTROL NUMBER
System control number (OCoLC)on1259586194
035 ## - SYSTEM CONTROL NUMBER
System control number 3229575
040 ## - CATALOGING SOURCE
Original cataloging agency PABRO
Language of cataloging eng
Description conventions rda
Transcribing agency PABRO
050 #4 - LIBRARY OF CONGRESS CALL NUMBER
Classification number PZ7.M276
Item number Cre 2022
082 04 - DEWEY DECIMAL CLASSIFICATION NUMBER
Classification number [Fic]
Edition number 23
092 ## - LOCALLY ASSIGNED DEWEY CALL NUMBER (OCLC)
Classification number junior fiction
Item number Maguire
100 1# - MAIN ENTRY--PERSONAL NAME
Personal name Maguire, Gregory,
Relator term author.
9 (RLIN) 4992
245 10 - TITLE STATEMENT
Title Cress Watercress /
Statement of responsibility, etc Gregory Maguire ; illustrated by David Litchfield.
250 ## - EDITION STATEMENT
Edition statement First edition.
264 #1 - Production, Publication, Distribution, Manufacture, and Copyright Notice.
Place of production, publication, distribution, manufacture Somerville, Massachusetts :
Name of producer, publisher, distributor, manufacturer Candlewick Press,
Date of production, publication, distribution, manufacture, or copyr [2022]
300 ## - PHYSICAL DESCRIPTION
Extent 216 pages :
Other physical details color illustrations ;
Dimensions 24 cm
336 ## - Content Type
Content type term text
337 ## - Media type
Media type term unmediated
338 ## - Carrier type
Carrier type term volume
520 ## - SUMMARY, ETC.
Summary, etc Publisher Annotation: Gregory Maguire turns his trademark wit and wisdom to an animal adventure about growing up, moving on, and finding community. When Papa doesn't return from a nocturnal honey-gathering expedition, Cress holds out hope, but her mother assumes the worst. It's a dangerous world for rabbits, after all. Mama moves what's left of the Watercress family to the basement unit of the Broken Arms, a run-down apartment oak with a suspect owl landlord, a nosy mouse super, a rowdy family of squirrels, and a pair of songbirds who broadcast everyone's business. Can a dead tree full of annoying neighbors, and no Papa, ever be home? In the timeless spirit of E. B. White and The Wind and the Willows-yet thoroughly of its time-this read-aloud and read-alone gem for animal lovers of all ages features an unforgettable cast that leaps off the page in glowing illustrations by David Litchfield. This tender meditation on coming-of-age invites us to flourish wherever we find ourselves.
521 1# - TARGET AUDIENCE NOTE
Target audience note 8-12
Source Brodart.
521 2# - TARGET AUDIENCE NOTE
Target audience note 3-7
Source Brodart.
650 #0 - SUBJECT ADDED ENTRY--TOPICAL TERM
Topical term or geographic name as entry element Rabbits
Form subdivision Juvenile fiction.
9 (RLIN) 5674643
650 #0 - SUBJECT ADDED ENTRY--TOPICAL TERM
Topical term or geographic name as entry element Apartments
Form subdivision Juvenile fiction.
9 (RLIN) 6446296
650 #0 - SUBJECT ADDED ENTRY--TOPICAL TERM
Topical term or geographic name as entry element Fatherless families
Form subdivision Juvenile fiction.
9 (RLIN) 5776576
650 #1 - SUBJECT ADDED ENTRY--TOPICAL TERM
Topical term or geographic name as entry element Rabbits
Form subdivision Fiction.
9 (RLIN) 5674645
650 #1 - SUBJECT ADDED ENTRY--TOPICAL TERM
Topical term or geographic name as entry element Apartments
Form subdivision Fiction.
9 (RLIN) 6417014
650 #1 - SUBJECT ADDED ENTRY--TOPICAL TERM
Topical term or geographic name as entry element Fatherless families
Form subdivision Fiction.
9 (RLIN) 5731017
650 #7 - SUBJECT ADDED ENTRY--TOPICAL TERM
Topical term or geographic name as entry element JUVENILE FICTION / Fantasy & Magic.
Source of heading or term bisacsh
9 (RLIN) 5675426
650 #7 - SUBJECT ADDED ENTRY--TOPICAL TERM
Topical term or geographic name as entry element JUVENILE FICTION / Animals / Rabbits.
Source of heading or term bisacsh
9 (RLIN) 5715696
650 #7 - SUBJECT ADDED ENTRY--TOPICAL TERM
Topical term or geographic name as entry element JUVENILE FICTION / Family.
Source of heading or term bisacsh
9 (RLIN) 5732372
700 1# - ADDED ENTRY--PERSONAL NAME
Personal name Litchfield, David,
Relator term illustrator.
9 (RLIN) 5963290
942 ## - ADDED ENTRY ELEMENTS (KOHA)
Source of classification or shelving scheme Dewey Decimal Classification
Koha item type BOOK
Holdings
Withdrawn status Lost status Source of classification or shelving scheme Damaged status Not for loan Collection code Home library Current library Shelving location Date acquired Source of acquisition Total Checkouts Total Renewals Full call number Barcode Date last seen Date checked out Cost, replacement price Price effective from Koha item type
    Dewey Decimal Classification     Junior Fiction Wasatch County Library Wasatch County Library Main Floor Junior Area 04/20/2022 Micromarketing 2 1 J Maguire 34301001841081 06/23/2025 06/02/2025 19.99 04/20/2022 BOOK
This project was made possible through a grant from the Institute of Museum and Library Service administered by the Utah State Library Division.

Wasatch County Library

  • 465 East 1200 South, Heber City, Utah 84032
  • Phone 435-654-1511 | Fax 435-654-6456

Hours

  • Monday - Friday 9:30 AM - 8:00 PM
  • Saturday 9:30 AM - 1:30 PM
  • Closed Sundays and Holidays